Exegetical fallacies / (Record no. 9558)
[ view plain ]
| 000 -LEADER | |
|---|---|
| fixed length control field | 03005nam a2200373Ii 4500 |
| 001 - CONTROL NUMBER | |
| control field | 11361564 |
| 003 - CONTROL NUMBER IDENTIFIER | |
| control field | OCoLC |
| 005 - DATE AND TIME OF LATEST TRANSACTION | |
| control field | 20241126110714.0 |
| 008 - FIXED-LENGTH DATA ELEMENTS--GENERAL INFORMATION | |
| fixed length control field | 840508s1984 miua b 001 0 eng |
| 010 ## - | |
| -- | 84071337 |
| 020 ## - INTERNATIONAL STANDARD BOOK NUMBER | |
| International Standard Book Number | 0801024994 |
| 020 ## - INTERNATIONAL STANDARD BOOK NUMBER | |
| International Standard Book Number | 9780801024993 |
| Qualifying information | (pbk.) |
| 020 ## - INTERNATIONAL STANDARD BOOK NUMBER | |
| International Standard Book Number | 0801020867 |
| 035 ## - SYSTEM CONTROL NUMBER | |
| System control number | (OCoLC)11361564 |
| Canceled/invalid control number | (OCoLC)11365980 |
| -- | (OCoLC)778410933 |
| 040 ## - CATALOGING SOURCE | |
| Original cataloging agency | DLC |
| Language of cataloging | eng |
| Transcribing agency | DLC |
| Modifying agency | BTCTA |
| -- | YDXCP |
| -- | HNW |
| -- | OCLCQ |
| -- | OCLCF |
| -- | MXL |
| -- | LMR |
| -- | OCLCQ |
| -- | DML |
| -- | SGB |
| -- | NLC |
| -- | OCLCQ |
| -- | UKMGB |
| -- | OCLCO |
| 050 00 - | |
| -- | BS540 |
| -- | .C36 1984 |
| 055 #1 - | |
| -- | BS540 |
| 082 00 - DEWEY DECIMAL CLASSIFICATION NUMBER | |
| Classification number | 220.601 |
| Edition information | 19 |
| Item number | CAR |
| 100 1# - MAIN ENTRY--PERSONAL NAME | |
| Personal name | Carson, D. A. |
| 9 (RLIN) | 20 |
| 245 10 - TITLE STATEMENT | |
| Title | Exegetical fallacies / |
| Statement of responsibility, etc. | D.A. Carson. |
| 250 ## - EDITION STATEMENT | |
| Edition statement | 2nd ed. |
| 260 ## - PUBLICATION, DISTRIBUTION, ETC. | |
| Place of publication, distribution, etc. | Grand Rapids, Mich. : |
| Name of publisher, distributor, etc. | Baker Book House, |
| Date of publication, distribution, etc. | 1996. |
| 300 ## - PHYSICAL DESCRIPTION | |
| Extent | 148 pages : |
| Other physical details | illustrations ; |
| Dimensions | 22 cm |
| 336 ## - CONTENT TYPE | |
| Content type term | text |
| Content type code | txt |
| Source | rdacontent |
| 337 ## - MEDIA TYPE | |
| Media type term | unmediated |
| Media type code | n |
| Source | rdamedia |
| 338 ## - CARRIER TYPE | |
| Carrier type term | volume |
| Carrier type code | nc |
| Source | rdacarrier |
| 504 ## - BIBLIOGRAPHY, ETC. NOTE | |
| Bibliography, etc. note | Includes bibliographical references and indexes. |
| 505 0# - FORMATTED CONTENTS NOTE | |
| Formatted contents note | Preface -- Introduction -- Word-Study Fallacies -- Grammatical Fallacies -- Logical Fallacies -- Presuppositional and Historical Fallacies -- Concluding Reflections. |
| 520 ## - SUMMARY, ETC. | |
| Summary, etc. | "I hope that by talking about what should not be done in exegesis, we may all desire more deeply to interpret the Word of God aright," says the author. "If I focus on the negative, it is in the hope that you will thereby profit more deeply from the positive instruction you glean from texts and lectures." Forty-eight kinds of fallacies are organized in this volume into four groups: (1) word-study, (2) grammatical, (3) logical, and (4) presuppositional and historical fallacies. "These pages make no claim to comprehensiveness in the kind of error discussed," writes the author. "Entries are treated because in my experience they are among the most common." Specific illustrations of fallacies abound. They are drawn from the works of liberals and conservatives, Calvinists and Arminians, unknowns and world-class scholars. "By and large my examples have been drawn from fairly serious sources, not popular publications where the frequency of error is much higher," the author writes. "But I have also included a few examples from popular preachers." This lively, enlightening, and not uncontroversial volume begins by discussing the importance of the study of exegetical fallacies, the dangers of it, and its limits. The book concludes with a list of seven areas "either not mentioned or barely alluded to in this book where more opportunities for fallacies lurk in the darkness to catch the unwary." The author has not written a highly technical book, aiming it instead at seminary students, pastors, and undergraduate Bible students with a command of elementary Greek. - Back cover. |
| 630 00 - SUBJECT ADDED ENTRY--UNIFORM TITLE | |
| Uniform title | Bible |
| General subdivision | Criticism, interpretation, etc. |
| 9 (RLIN) | 144 |
| 650 #0 - SUBJECT ADDED ENTRY--TOPICAL TERM | |
| Topical term or geographic name entry element | Errors. |
| 9 (RLIN) | 16626 |
| 776 08 - ADDITIONAL PHYSICAL FORM ENTRY | |
| Relationship information | Online version: |
| Main entry heading | Carson, D.A. |
| Title | Exegetical fallacies. |
| Place, publisher, and date of publication | Grand Rapids, Mich. : Baker Book House, 1984 |
| Record control number | (OCoLC)564729421 |
| 942 ## - ADDED ENTRY ELEMENTS (KOHA) | |
| Source of classification or shelving scheme | Dewey Decimal Classification |
| Koha item type | Books |
| Withdrawn status | Lost status | Source of classification or shelving scheme | Damaged status | Not for loan | Home library | Current Library | Shelving location | Date acquired | Total checkouts | Full call number | Barcode | Date last seen | Date last checked out | Copy number | Price effective from | Koha item type | Total renewals |
|---|---|---|---|---|---|---|---|---|---|---|---|---|---|---|---|---|---|
| Dewey Decimal Classification | GRACE BIBLE COLLEGE | GRACE BIBLE COLLEGE | Biblical Studies | 2023-03-14 | 2 | 220.601 CAR | 016043 | 2026-03-02 | 2026-02-23 | c.1 | 2023-03-14 | Books | |||||
| Dewey Decimal Classification | GRACE BIBLE COLLEGE | GRACE BIBLE COLLEGE | Biblical Studies | 2024-06-21 | 4 | 220.601 CAR | 016877 | 2025-07-01 | 2025-06-30 | c.2 | 2024-06-21 | Books | 1 | ||||
| Dewey Decimal Classification | GRACE BIBLE COLLEGE | GRACE BIBLE COLLEGE | Biblical Studies | 2025-07-22 | 1 | 220.601 CAR | 017109 | 2026-02-16 | 2026-02-13 | c.3 | 2025-07-22 | Books | |||||
| Dewey Decimal Classification | GRACE BIBLE COLLEGE | GRACE BIBLE COLLEGE | Biblical Studies | 2025-07-22 | 1 | 220.601 CAR | 017110 | 2026-02-16 | 2026-02-09 | c.4 | 2025-07-22 | Books | |||||
| Dewey Decimal Classification | GRACE BIBLE COLLEGE | GRACE BIBLE COLLEGE | Biblical Studies | 2025-07-22 | 2 | 220.601 CAR | 017111 | 2026-03-10 | 2026-02-27 | c.5 | 2025-07-22 | Books |